Statistics for Highest Point by Country

Click here to take the quiz!

General Stats

  • This quiz has been taken 72 times
    (61 since last reset)
  • The average score is 15 of 25

Answer Stats

Height (ft)CountryHighest Point% Correct
29,029ChinaMt. Everest
95%
19,331TanzaniaMt. Kilimanjaro
90%
28,251PakistanK2
85%
15,781FranceMont Blanc
85%
20,236USAMt. McKinley
85%
9,577GreeceMt. Olympus
85%
18,510RussiaMt. Elbrus
80%
22,835ArgentinaAconcagua
75%
4,409United KingdomBen Nevis
70%
16,854TurkeyMt. Ararat
70%
12,388JapanMt. Fuji
70%
19,551CanadaMt. Logan
65%
12,281New ZealandMt. Cook
60%
7,310AustraliaMt. Kosciuszko
55%
20,561EcuadorMt. Chimborazo
50%
18,491MexicoPico de Orizaba
50%
16,024IndonesiaPuncak Jaya
50%
12,198SpainTeide
50%
24,580AfghanistanNoshaq
40%
18,406IranDamavand
35%
11,319South AfricaMafadi
35%
9,232SyriaMt. Hermon
35%
28,169IndiaKangchenjunga
30%
1,319Antigua & BarbudaMt. Obama
30%
10,164Dominican RepublicPico Duarte
10%

Score Distribution

Percentile by Number Answered

Percent of People with Each Score

Your Score History

You have not taken this quiz since the last reset